Ice Hockey rules - Statistics

General Stats
  • This quiz has been taken 616 times
  • The average score is 8 of 14
Answer Stats
Hint Answer % Correct
when a player purposley puts his stick infront of a player to make them fall tripping
93%
when a player drops their glothes and begin throwing punches fighting
75%
when a player puts his stick around another players foot hooking
73%
hitting a player with the stick slashing
72%
using the elbow to foul the opponent elbowing
70%
when a player grabs another player to stop them from playing holding
70%
when a player makes a check with both hands on the stick cross checking
68%
impeding the process of a player who doesnt have the puck interference
65%
when a player fouls his opponent with his knee kneeing
60%
when a player tries to start a fight roughing
56%
stabbing an oppponent with the blade of his stick spearing
47%
when the offense hits the puck to the goal they must score in icing
34%
when a player jabs another player with the top end of his stick butt ending
28%
when a player hits his opponent from behind and the victim is unaware and cannot defend himself checking from behind
18%
No matching quizzes found
Score Distribution
Percent of People with Each Score
Percentile by Number Answered
Your Score History
You have not taken this quiz